Statistiques concernant Les mots de la langue française terminés par "toire"

Cliquez ici pour prendre le quiz!

Statistiques générales

  • Ce quiz a été pris 299 fois
  • Le résultat moyen est 10 sur 26

Statistiques - réponses

Indice Mot% Correct
elle peut être à dormir debouthistoire
82%
hasardeuxaléatoire
79%
l'antichambre du paradispurgatoire
67%
celui de Belfort par exempleterritoire
67%
il peut être d'analyseslaboratoire
58%
celui de Paris est astronomiqueobservatoire
52%
succèsvictoire
52%
impératifobligatoire
50%
salle à mangerréfectoire
49%
pointe de terre avançant dans la mer et assez élevéepromontoire
45%
une indemnité peut l'êtrecompensatoire
44%
connunotoire
44%
Mireille avait son petitconservatoire
42%
discret est son contraireostentatoire
41%
registrerépertoire
36%
circulairegiratoire
35%
opposécontradictoire
33%
plaidoirie du Procureurréquisitoire
33%
une commission peut l'êtrerogatoire
33%
lieu de culteoratoire
24%
dérobadeéchappatoire
21%
délaimoratoire
16%
passagertransitoire
13%
lignetrajectoire
10%
médisantdiffamatoire
8%
sélectionéliminatoire
3%

Distribution des résultats

Percentile par nombre de réponses

% des personnes avec chaque résultat

Votre développement - résultats

Vous n’avez pas pris ce quiz